La Compañía del Teatro Español visita el Instituto del Teatro
Colección:
San Jorge,
; núm. 5 (gener 1952), pàg. 47
Materias:
Instituto del Teatro (Barcelona, Catalunya)
; Compañía del Teatro Español
; Visites oficials -- Barcelona (Catalunya)
Idioma:
Español
MARC
| LEADER | 00000naa a2200000 a 4500 | ||
|---|---|---|---|
| 003 | Arxiu | ||
| 005 | 20260324181024.0 | ||
| 008 | 160829s1951 spc xx s spa c 000 0 cat d | ||
| 245 | 0 | 3 | |a La Compañía del Teatro Español visita el Instituto del Teatro |
| 490 | |a San Jorge, |v núm. 5 (gener 1952), pàg. 47 | ||
| 610 | 2 | 0 | |a Instituto del Teatro (Barcelona, Catalunya) |9 54846 |
| 610 | 2 | 0 | |a Compañía del Teatro Español |9 54665 |
| 650 | 0 | |a Visites oficials |9 31008 |z Barcelona (Catalunya) | |
| 773 | |t San Jorge. |g Núm. 5 (gener 1952), pàg. 47 | ||
| 901 | |a Arxiu | ||
| 942 | |n 1 |2 udc |c ART | ||
| 952 | |0 0 |1 0 |4 0 |6 REV508 |7 1 |9 64615 |a Arxiu |b Arxiu |d 2022-12-02 |l 0 |o Rev-508 |r 2022-12-02 00:00:00 |w 2022-12-02 |y ARXIU |z També disponible a Rev-521 | ||
| 999 | |c 43882 |d 43882 | ||